00515nam a22001697a 4500003000500000005001700005008004100022020001800063050002300081100002200104245005800126260003300184300004700217500003300264521002800297650002000325SISC20170116152658.0141106b xxu||||| |||| 00| 0 eng d a9781442531772 aHB 172b.G235 2012 aGarnett, Hubbard. aMicroeconomics /cHubbard Garnett and Lewis O' Brien. aAustralia :bPearson,c2012. a505 pages :bcolor illustrations ;c26 cm. aIncludes glossary and index. aBusiness Administration aMicroeconomics.